000 00663nam a22001697a 4500
005 20260410102537.0
008 250219b |||||||| |||| 00| 0 eng d
082 _22024
_aUT
100 _aMalasarte, Beneth D.
_965592
245 _aAwareness and Preparedness of pupils towards disaster risk reduction management:
_bBasis for intervention program /
_cBeneth D. Malasarte, Mischelle M. Molde, and Jane S. Son
260 _aDigos City :
_bUMDC,
_c©February 2024.
300 _aviii, 42 pages :
_billustration ;
_c29 cm.
500 _aIncludes references and appendices.
700 _aMolde, Mischelle M.
_965593
700 _aSon, Jane S.
_965594
942 _2ddc
_cUT
999 _c23533
_d23533